书目信息 |
| 题名: |
钱钟书的人生智慧课
|
|
| 作者: | 陈玉新 著 | |
| 分册: | ||
| 出版信息: | 武汉 华中科技大学出版社 2016 |
|
| 页数: | 224页 | |
| 开本: | 24cm | |
| 丛书名: | ||
| 单 册: | ||
| 中图分类: | B821-49 , K825.6=75 | |
| 科图分类: | ||
| 主题词: | 人生哲学--ren sheng zhe xue--通俗读物 | |
| 电子资源: | ||
| ISBN: | 978-7-5680-1852-4 | |
| 000 | 00876nam0 22002531 450 | |
| 001 | 0102164839 | |
| 005 | 20170502164839.0 | |
| 010 | @a978-7-5680-1852-4@dCNY32.00 | |
| 100 | @a20161017d2016 em y0chiy50 ea | |
| 101 | 0 | @achi |
| 102 | @aCN@b420000 | |
| 105 | @ay z 000yd | |
| 106 | @ar | |
| 200 | 1 | @a钱钟书的人生智慧课@9qian zhong shu de ren sheng zhi hui ke@f陈玉新著 |
| 210 | @a武汉@c华中科技大学出版社@d2016 | |
| 215 | @a224页@d24cm | |
| 330 | @a本书共十章,包括民国第一才子,钟情于书;古今中西皆贯通,内外兼修;智慧文学的传人,绝妙文心;倒退黑白镜像,慢步缓行等内容。 | |
| 600 | 0 | @a钱钟书@Aqian zhong shu@f(1910-1998)@x生平事迹 |
| 606 | 0 | @a人生哲学@9ren sheng zhe xue@j通俗读物 |
| 690 | @aB821-49@v5 | |
| 690 | @aK825.6=75@v5 | |
| 701 | 0 | @a陈玉新@9chen yu xin@c(自由撰稿人)@4著 |
| 801 | 0 | @aCN@b百万庄@c20170308 |
| 905 | @b1001680-5@dB821-49@e691@f6 | |
| 钱钟书的人生智慧课/陈玉新著 .-武汉:华中科技大学出版社,2016 |
| 224页;24cm |
| ISBN 978-7-5680-1852-4:CNY32.00 |
| 本书共十章,包括民国第一才子,钟情于书;古今中西皆贯通,内外兼修;智慧文学的传人,绝妙文心;倒退黑白镜像,慢步缓行等内容。 |
| ● |
| 相关链接 |
|
|
|
|
正题名:钱钟书的人生智慧课
索取号:B821-49/691
 
预约/预借
| 序号 | 登录号 | 条形码 | 馆藏地/架位号 | 状态 | 备注 |
| 1 | 1001680 | 210016800 | 第一样本阅览室/ [索取号:B821-49/691] | 在馆 | |
| 2 | 1001681 | 210016819 | 教育系资料室/ [索取号:B821-49/691] | 在馆 | |
| 3 | 1001682 | 210016828 | 教育系资料室/ [索取号:B821-49/691] | 在馆 | |
| 4 | 1001683 | 210016837 | 教育系资料室/ [索取号:B821-49/691] | 在馆 | |
| 5 | 1001684 | 210016846 | 第一借阅区/ [索取号:B821-49/691] | 在馆 | |
| 6 | 1001685 | 210016855 | 第一借阅区/ [索取号:B821-49/691] | 在馆 |